000 00283nam a2200097 a 4500
005 20201002033812.0
008 130729s1926 000 spa d
245 0 _aSanto Domingo - Cominican Republic.
260 _aSanto Domingo -- j.r. vda. garcia,
_c1926 -- 175 pag.
999 _c39397
_d39397
040 _aDO-SdBNP